000 00763nam a2200217 4500
003 CO-ViMGA
020 _a9789585911642
040 _aCO-ViMGA
_bspa
_cCO-ViMGA
090 _aC SAD2
100 1 _aSade, Donatien Alphonse Francois,
_d1740-1814
_98681
245 1 0 _aCuentos eróticos /
_cMarqués de Sade.
260 _aBogotá :
_bAsociación Colombiana de libreros Independientes,
_c2016.
300 _a256 páginas ;
_b22 cm.
490 _aPlan Nacional de Lectura y Escritura Leer es mi Cuento / Ministerio de Cultura
650 1 4 _aCuentos franceses
_97606
650 1 4 _aErotismos en la literatura
_98683
650 1 4 _aLiteratura erótica
_92225
650 1 4 _aLiteratura francesa
_98682
700 1 _aMartínez Fariñas, Enrique
_98684
942 _2ddc
_cBK
999 _c7588
_d7588